Rafael Alberti

Saved in:
Bibliographic Details
Main Author: Couffon, Claude (Author)
Format: Book
Language:French
Published: París Pierre Seghers 1966
Series:Poetes d'aujourd'hui
Subjects:
Tags: Add Tag
No Tags, Be the first to tag this record!

MARC

LEADER 00000nam a2200000 a 4500
001 UCY4789
003 CL-VaPUC
008 950329e19660000FR |||||||||||||||||fre|d
082 0 4 |a 861.09  |b COU  |2 21 
100 0 |a Couffon, Claude  |e author  |9 333284 
245 1 0 |a Rafael Alberti 
300 |a 189 p 
942 |c BK 
945 |d 19950329 00:00:00  |a mfernand 
260 |a París  |b Pierre Seghers  |c 1966 
600 0 |a Alberti, Rafael  |e autor  |9 267868 
650 0 |a Crítica e interpretación   |9 255042 
583 |a last modification  |c 19950329 00:00:00  |k Rodrigo Vera 
490 0 |a Poetes d'aujourd'hui 
999 |c 232555  |d 232553 
952 |0 0  |1 0  |4 0  |6 861_090000000000000_COU_1966  |7 0  |8 P  |9 237242  |a BIBART  |b BIBART  |d 2019-11-15  |i 306901K  |o 861.09 COU 1966  |p 306901K  |r 2025-03-13  |w 2019-11-15  |y BK  |k ART